| 000 | 00656nam a22001697a 4500 | ||
|---|---|---|---|
| 020 | _qHard Cover. | ||
| 082 | _a629.04 | ||
| 100 | _aAmjad, Muhammad | ||
| 245 |
_aCharacterization of Distresses in the Soft Foundation Soil Caused by Highway Embankment to Formulate Remedial Measures/ _cMuhammad Amjad |
||
| 260 |
_aIslamabad : _bMCE - NUST, _c2017. |
||
| 300 |
_a115 p. : ill. ; _c30cm. |
||
| 650 |
_aMS- Transportation and Geotechnical Engineering _9126583 |
||
| 700 |
_aSupervisor. Sarfraz Ali _9126622 |
||
| 856 | _u http://10.250.8.41:8080/xmlui/handle/123456789/20763 | ||
| 942 |
_2ddc _cSC |
||
| 999 |
_c540586 _d540586 |
||